Provinces of Rwanda - Statistics

General Stats
  • This quiz has been taken 28 times
  • The average score is 3 of 5
Answer Stats
Area Population Province % Correct
700 km² 1,100,000 Kigali
100%
9,500 km² 2,600,000 Eastern
61%
3,300 km² 1,700,000 Northern
61%
5,900 km² 2,500,000 Western
61%
6,000 km² 2,600,000 Southern
57%
No matching quizzes found
Score Distribution
Percent of People with Each Score
Percentile by Number Answered
Your Score History
You have not taken this quiz